000 00538nam a2200157 a 4500
001 000036791
005 20200930075934.0
008 120201s1967 xxu 001 0 spa d
040 _aDO-SdBNP
_bspa
_cBNPHU
100 1 _aAdams, Henry Hitch,
_d1917-
_963130
245 1 0 _a1942 :
_bthe year that doomed the axis /
_cby Henry H. Adams.
260 _aNew York :
_bD. McKay Company,
_c1967.
300 _a522 p. :
_bil., mapas ;
_c23 cm.
500 _aIncluye índice
500 _aIncluye referencias bibliográficas y notas al pie de las págianas
999 _c36282
_d36282